Súčasný vývoj akcii zbrojného priemyslu bakalárska práca

Na minha lista:
Detalhes bibliográficos
Autor principal: Janček, Martin
Autor Corporativo: Národohospodárska fakulta EU. Katedra bankovníctva a medzinárodných financií
Outros Autores: Čeryová, Barbara, 1997-
Formato: Livro
Idioma:eslovaco
Publicado em: Bratislava 2024
Tags: Adicionar Tag
Sem tags, seja o primeiro a adicionar uma tag!

MARC

LEADER 00000nbm a2200000 4500
001 0301703
005 20250401194404.0
041 0 |a slo 
044 |a SK 
245 1 0 |a Súčasný vývoj akcii zbrojného priemyslu  |b bakalárska práca  |c Martin Janček ; školiteľ: Barbara Čeryová 
264 1 |a Bratislava  |c 2024 
300 |a 50 s. 
100 1 |a Janček, Martin 
700 1 |a Čeryová, Barbara, 1997- 
710 2 |a Národohospodárska fakulta EU. Katedra bankovníctva a medzinárodných financií